5 rád ku realizácii crowdfundingovej kampane
Pokračovanie článku z predchádzajúceho príspevku o tipoch na prípravu úspešnej crowdfundingovej kampane. Rady, ktoré pomôžu pri samotnom štarte úspešného podnikania a na čo nezabudnúť pri realizácii crowdfundingovej kampane.
Salvato in:
| Autore principale: | |
|---|---|
| Natura: | Capitolo di libro |
| Lingua: | slovacco |
| Soggetti: | |
| Tags: |
Nessun Tag, puoi essere il primo ad aggiungerne!!
|
MARC
| LEADER | 00000nla a2200000 4500 | ||
|---|---|---|---|
| 001 | 0211415 | ||
| 005 | 20240502073526.9 | ||
| 041 | 0 | |a slo | |
| 044 | |a SK | ||
| 245 | 1 | 0 | |a 5 rád ku realizácii crowdfundingovej kampane |c Ľudovít Šrenkel |
| 520 | |a Pokračovanie článku z predchádzajúceho príspevku o tipoch na prípravu úspešnej crowdfundingovej kampane. Rady, ktoré pomôžu pri samotnom štarte úspešného podnikania a na čo nezabudnúť pri realizácii crowdfundingovej kampane. | ||
| 610 | 2 | 0 | |a podnikanie |
| 610 | 2 | 0 | |a zámery podnikateľské |
| 610 | 2 | 0 | |a financovanie |
| 610 | 2 | 0 | |a stratégia marketingová |
| 610 | 2 | 0 | |a kampane reklamné |
| 610 | 2 | 0 | |a propagácia |
| 610 | 2 | 0 | |a produkty |
| 100 | 1 | |a Šrenkel, Ľudovít | |